<?xml version="1.0" encoding="UTF-8"?>
<collection xmlns="http://www.loc.gov/MARC21/slim">
 <record>
  <leader>01691nam a22002297a 4500</leader>
  <controlfield tag="001">NCT_79635</controlfield>
  <controlfield tag="008">200511b        xxu||||| |||| 00| 0 vie d</controlfield>
  <datafield tag="999" ind1=" " ind2=" ">
   <subfield code="c">3895</subfield>
   <subfield code="d">3895</subfield>
  </datafield>
  <datafield tag="020" ind1=" " ind2=" ">
   <subfield code="a">9786048040581</subfield>
   <subfield code="c">155000</subfield>
  </datafield>
  <datafield tag="082" ind1="0" ind2="4">
   <subfield code="2">23rd ed.</subfield>
   <subfield code="a">025.32</subfield>
   <subfield code="b">O408</subfield>
  </datafield>
  <datafield tag="100" ind1="1" ind2=" ">
   <subfield code="a">Lê Ngọc Oánh</subfield>
  </datafield>
  <datafield tag="245" ind1="1" ind2="0">
   <subfield code="a">Biên mục mô tả trong nghiệp vụ thư viện</subfield>
   <subfield code="c">Lê Ngọc Oánh, Nguyễn Thị Trúc Hà</subfield>
  </datafield>
  <datafield tag="260" ind1=" " ind2=" ">
   <subfield code="a">H.</subfield>
   <subfield code="b">Thông tin và truyền thông</subfield>
   <subfield code="c">2019</subfield>
  </datafield>
  <datafield tag="300" ind1=" " ind2=" ">
   <subfield code="a">403 tr.</subfield>
   <subfield code="b">Minh họa</subfield>
   <subfield code="c">24cm</subfield>
  </datafield>
  <datafield tag="520" ind1="3" ind2=" ">
   <subfield code="a">Cuốn sách trình bày các quy tắc cơ bản của việc mô tả tài liệu thư viện, nhằm thiết lập một mục lục (danh mục) tài liệu mà một thư viện hay một hệ thống thư viện sở hữu để độc giả có thể tra tìm. Nội dung cuốn sách được chia làm 2 phần: Phần 1: Mô tả thư tịch gồm 7 chương; Phần 2: Tiêu đề, nhan đề đồng nhất và các tham chiếu gồm 8 chương.</subfield>
  </datafield>
  <datafield tag="653" ind1=" " ind2=" ">
   <subfield code="a">Thông tin thư viện</subfield>
  </datafield>
  <datafield tag="700" ind1="1" ind2=" ">
   <subfield code="a">Nguyễn Thị Trúc Hà</subfield>
  </datafield>
  <datafield tag="942" ind1=" " ind2=" ">
   <subfield code="2">ddc</subfield>
   <subfield code="c">BK</subfield>
  </datafield>
  <datafield tag="952" ind1=" " ind2=" ">
   <subfield code="0">0</subfield>
   <subfield code="1">0</subfield>
   <subfield code="2">ddc</subfield>
   <subfield code="4">0</subfield>
   <subfield code="6">025_320000000000000_O408</subfield>
   <subfield code="7">0</subfield>
   <subfield code="9">19525</subfield>
   <subfield code="a">000001</subfield>
   <subfield code="b">000001</subfield>
   <subfield code="d">2020-05-11</subfield>
   <subfield code="o">025.32 O408</subfield>
   <subfield code="p">TK.02016</subfield>
   <subfield code="r">2020-05-11</subfield>
   <subfield code="v">155000.00</subfield>
   <subfield code="w">2020-05-11</subfield>
   <subfield code="y">BK</subfield>
  </datafield>
  <datafield tag="952" ind1=" " ind2=" ">
   <subfield code="0">0</subfield>
   <subfield code="1">0</subfield>
   <subfield code="2">ddc</subfield>
   <subfield code="4">0</subfield>
   <subfield code="6">025_320000000000000_O408</subfield>
   <subfield code="7">0</subfield>
   <subfield code="9">19526</subfield>
   <subfield code="a">000001</subfield>
   <subfield code="b">000001</subfield>
   <subfield code="d">2020-05-11</subfield>
   <subfield code="o">025.32 O408</subfield>
   <subfield code="p">TK.02017</subfield>
   <subfield code="r">2020-05-11</subfield>
   <subfield code="v">155000.00</subfield>
   <subfield code="w">2020-05-11</subfield>
   <subfield code="y">BK</subfield>
  </datafield>
  <datafield tag="952" ind1=" " ind2=" ">
   <subfield code="0">0</subfield>
   <subfield code="1">0</subfield>
   <subfield code="2">ddc</subfield>
   <subfield code="4">0</subfield>
   <subfield code="6">025_320000000000000_O408</subfield>
   <subfield code="7">0</subfield>
   <subfield code="9">19527</subfield>
   <subfield code="a">000001</subfield>
   <subfield code="b">000001</subfield>
   <subfield code="d">2020-05-11</subfield>
   <subfield code="o">025.32 O408</subfield>
   <subfield code="p">TK.02018</subfield>
   <subfield code="r">2020-05-11</subfield>
   <subfield code="v">155000.00</subfield>
   <subfield code="w">2020-05-11</subfield>
   <subfield code="y">BK</subfield>
  </datafield>
  <datafield tag="980" ind1=" " ind2=" ">
   <subfield code="a">Thư viện Trường Đại học Nam Cần Thơ</subfield>
  </datafield>
 </record>
</collection>
